00465 2200193 4500001002100000005001500021035002000036008004100056245004500097100001600142250000600158260003500164300001200199084001400211082000800225650001400233990001200247990001200259INLIS00000000000010220240502105054 a0010-0424000078240502 | ind 1 aDahsyatnya 10 Kalimat Suci /cAbu Nabila aNabila, Abu a1 aJakarta :bTinta Medina,c2016 a194 hlm a200 ABU d a200 4aNon Fiksi a0732547 a0732548